000 01802nam0a22003251i 4500
001 rc\2263611
005 20240723122918.0
035 _a(NLR Aleph) 006658475
090 _a4869023
_c4869023
100 _a20110829d1979 |||y0rusy50 ca
101 0 _arus
102 _aRU
105 _aa z |||||
200 1 _aНекоторые вопросы поперечной управляемости маневренных самолетов
_fЮ.Б. Дубов, А.В. Новиков, Р.В. Студнев, В.М. Шибаев
210 _aМосква
_cЦАГИ
_d1979
215 _a35 с.
_cил.
_d26
225 1 _aТруды Центрального аэрогидродинамического института имени профессора Н.Е. Жуковского
_vВып. 1959
320 _aБиблиогр. в конце статей
333 _aДСП. Экз. № 07
423 0 _11010#$arus
_12001#$aОценка максимального значения коэффициента подъемной силы и поляры для маневренных самолетов на больших углах атаки$fЮ.Б. Дубов, Р.В. Студнев
_1700#1$aДубов$bЮ.Б.
_1701#1$aСтуднев$bР.В.
_tОценка максимального значения коэффициента подъемной силы и поляры для маневренных самолетов на больших углах атаки
_aДубов, Ю.Б.
702 1 _aСтуднев
_bР.В.
_4220
702 1 _aШибаев
_bВ.М.
_4220
702 1 _aНовиков
_bА.В.
_4220
702 1 _aДубов
_bЮ.Б.
_4220
801 0 _aRU
_bNLR
_gpsbo
801 1 _aRU
_bELAR
_2rusmarc
852 _aNLR
_jОСХ
852 _aNLR
_jП11/665
899 _aRuMoRGB
_jСХ
942 _cBOOK